00479cam a22001814a 45000010009000000050017000090080041000260100017000670200015000840400018000990410008001170800019001250820023001441000007001671010008001742450051001825040064002331464993320180220071715.0061129s2008 njua b 001 0 eng  a 2006039677 a0132412551 aDLCcDLCdDLC aeng a808/.0666 bri00a808/.0666 bri2221 a48 aedu10aTechnical writing basics :cBrian R. Holloway. aIncludes bibliographical references (p. 201-202) and index.